000 00896cab a2200265 4500
001 WB3501-53
008 090401t1998 xxu||||| |||| 00| 0 eng d
035 _a(Sirsi) u90475
041 _aeng
245 _aPlanning tangle
260 _c1998
350 _a0
490 _aEstates Gazette
_v(9851) 19 December 1998 17(1)
520 _aThe DTI and DETR are accused of promoting contradictory planning policies following publication of the Competitiveness White Paper. The paper advocates building business clusters on green belt land, which is in opposition to the DETR aim to develop brownfield sites.
650 _aBROWNFIELD SITES
650 _aBUSINESS CLUSTERS
650 _aDETR
650 _aDTI
650 _aGREEN BELT LAND
650 _aINDUSTRIAL DEVELOPMENT
650 _aPLANNING POLICY
690 _aPLANNING LAW AND PRACTICE
942 _n0
948 _c23/12/1998
999 _c57366
_d57366